Historia social, historia plural : ensayos desde los márgenes en América Latina, siglos XIX y XX /
Salvato in:
| Altri autori: | , , |
|---|---|
| Natura: | Elettronico eBook |
| Lingua: | spagnolo |
| Pubblicazione: |
Ciudad de México, México :
El Colegio de México,
2025.
|
| Edizione: | Primera edición electrónica. |
| Soggetti: | |
| Accesso online: | Digitalia Hispánica |
| Tags: |
Aggiungi Tag
Nessun Tag, puoi essere il primo ad aggiungerne!!
|
MARC
| LEADER | 00000nam a2200000Ii 4500 | ||
|---|---|---|---|
| 001 | DIGCOLMX0597 | ||
| 003 | NyNyDIG | ||
| 006 | m o d | ||
| 007 | cr ||||||||||| | ||
| 008 | 251202s2025 mx a ob 000 0 spa d | ||
| 035 | |a (OCoLC)1528346145 | ||
| 040 | |a DGITA |b eng |e rda |e pn |c DGITA | ||
| 020 | |a 9786075647012 |q electrónico | ||
| 020 | |z 9786075646473 |q impreso | ||
| 043 | |a cl----- | ||
| 050 | 1 | 4 | |a HN110.5.A8 ebook |
| 245 | 0 | 0 | |a Historia social, historia plural : |b ensayos desde los márgenes en América Latina, siglos XIX y XX / |c Carla E. Lida, Mario Barbosa Cruz, María Dolores Lorenzo (compiladores). |
| 250 | |a Primera edición electrónica. | ||
| 264 | 1 | |a Ciudad de México, México : |b El Colegio de México, |c 2025. | |
| 300 | |a 1 online resource : |b illustrations. | ||
| 336 | |a text |b txt |2 rdacontent | ||
| 337 | |a computer |b c |2 rdamedia | ||
| 338 | |a online resource |b cr |2 rdacarrier | ||
| 347 | |a text file |2 rdaft | ||
| 347 | |b EPUB | ||
| 504 | |a Includes bibliographical references. | ||
| 588 | 0 | |a Online resource; title from ePub title page (Digitalia, viewed December 2, 2025) | |
| 651 | 0 | |a Latin America |x Social conditions |x History |y 19th century. | |
| 651 | 0 | |a Latin America |x Social conditions |x History |y 20th century. | |
| 700 | 1 | |a Lida, Carla E., |e editor. | |
| 700 | 1 | |a Barbosa Cruz, Mario, |e editor. | |
| 700 | 1 | |a Lorenzo Río, María Dolores, |e editor. | |
| 776 | 0 | 8 | |i Print version: |t Historia social, historia plural. |b Primera edición impresa. |d Ciudad de México, México : El Colegio de México, 2025 |z 9786075646473 |
| 791 | 2 | |a Digitalia (Firm), |e distributor. | |
| 793 | 0 | |g Digitalia eBook Collection: |a El Colegio de México | |
| 856 | 4 | 0 | |3 Digitalia Hispánica |u https://digitalia.unach.elogim.com/a/180831/ |
| 910 | |a Premium collection: 2025 | ||